00321 a2200145 450000100060000002000150000604000240002110000230004524000300006824500250009830000070012336200090013044000120013965000240015168872 a8528101959 cAnchieta - Itaigara aMachado, Ana Maria10aCom prazer e alegrialpor10aCom prazer e alegria a240 a1988 1aÁtica 4aLiteratura infantil